Capitals by Flag: North America - Statistics

General Stats
  • This quiz has been taken 17 times
  • The average score is 19 of 23
Answer Stats
Picture Answer % Correct
Ottawa
100%
Guatemala City
92%
Kingston
92%
Mexico City
92%
Nassau
92%
Panama City
92%
Port-au-Prince
92%
San Jose
92%
Washington D.C.
92%
Basseterre
83%
Belmopan
83%
Castries
83%
Havana
83%
Port of Spain
83%
San Salvador
83%
Santo Domingo
83%
Tegucigalpa
83%
Bridgetown
75%
Managua
75%
Roseau
75%
Kingstown
67%
St John's
58%
St George's
50%
No matching quizzes found
Score Distribution
Percent of People with Each Score
Percentile by Number Answered
Your Score History
You have not taken this quiz